000 00443nam a2200169 i 4500
001 85373
003 ES-MaACL
005 20240125063134.0
007 t|
008 041126s1932 gw ||||1| eng d
100 1 _aJoyce, James,
_d1882-1941
_967077
245 1 0 _aUlysses /
_cby James Joyce.
260 _aHamburg :
_bOdyssey Press,
_c[1932]
300 _a789 p. ;
_c19 cm.
852 _aES-MaACL
_jA-2132
999 _c85373
_d85373